<?xml version="1.0" encoding="UTF-8"?>
<collection xmlns="http://www.loc.gov/MARC21/slim">
 <record>
  <leader>01675nab a2200181 i 4500</leader>
  <controlfield tag="001">misc41780</controlfield>
  <controlfield tag="005">20191106140457.0</controlfield>
  <controlfield tag="008">180706s2014    hu      o     0||   zxx d</controlfield>
  <datafield tag="022" ind1=" " ind2=" ">
   <subfield code="a">1215-5233</subfield>
  </datafield>
  <datafield tag="040" ind1=" " ind2=" ">
   <subfield code="a">SZTE Miscellanea Repozitórium</subfield>
   <subfield code="b">hun</subfield>
  </datafield>
  <datafield tag="041" ind1=" " ind2=" ">
   <subfield code="a">zxx</subfield>
  </datafield>
  <datafield tag="100" ind1="2" ind2=" ">
   <subfield code="a">Di Blasio Barbara</subfield>
  </datafield>
  <datafield tag="245" ind1="1" ind2="0">
   <subfield code="a">Pedagógiai lehetőségek tárháza </subfield>
   <subfield code="h">[elektronikus dokumentum] :</subfield>
   <subfield code="b">a társadalmi színházról /</subfield>
   <subfield code="c"> Di Blasio Barbara</subfield>
  </datafield>
  <datafield tag="260" ind1=" " ind2=" ">
   <subfield code="c">2014</subfield>
  </datafield>
  <datafield tag="300" ind1=" " ind2=" ">
   <subfield code="a">44-62</subfield>
  </datafield>
  <datafield tag="490" ind1="0" ind2=" ">
   <subfield code="a">Iskolakultúra</subfield>
   <subfield code="v">24 No. 4</subfield>
  </datafield>
  <datafield tag="520" ind1="3" ind2=" ">
   <subfield code="a">Korunkban divatossá vált a performansz fogalma és műfaja. A színjátszás a színház falain kívülre is került. A színház emancipációjának hátterében számos tényező húzódik meg. A rövid történeti és színházelméleti áttekintés a társadalmi színház sokszínű létjogosultságának igazolását szolgálja. A civilizatorikus folyamatok és az individualizmus megerősödése kapcsán lényeges kérdés, hogyan tudunk egy új globális társadalmat kiépíteni, figyelembevéve a társadalmi egyenlőséget és szolidaritást, a demokratikus értékeket, teret hagyva az individualizmus érvényesülésének és a toleranciának. A színjátszás pedagógiai jelentőségét pedig már a reformpedagógiák is felismerték, majd a kritikai pedagógia ugyancsak rátalált a társadalmi színházban rejlő lehetőségekre. A performansz különböző diszciplínák, úgymint művészeti, társadalom- és humán tudományok találkozási csomópontjában értelmezhető. A színház az interdiszciplináris dialógusok helyszíne.</subfield>
  </datafield>
  <datafield tag="856" ind1="4" ind2="0">
   <subfield code="u">http://misc.bibl.u-szeged.hu/41780/1/EPA00011_iskolakultura_2014_4_044-062.pdf</subfield>
   <subfield code="z">Dokumentum-elérés </subfield>
  </datafield>
 </record>
</collection>
